000 00381nam a2200133Ia 4500
005 20260328104344.0
008 260328s9999||||xx |||||||||||||| ||und||
100 _aÁlvarez, Mabel
245 0 _aTodo con papel , Manualidades fáciles a partir de pulpa y papel reciclado. /
_cMabel Álvarez
260 _bAtlantida
300 _a78 p.
650 _aDISEÑO INDUSTRIAL
942 _cBK
999 _c12216
_d12216